000 00543nam a2200217Ia 4500
008 101110s9999 xx 000 0 und d
041 _aMARATHI
082 _bJR5396
100 _aJoshi V.A and Shejvalkar P.C
245 _aChitanisacha Vayvsya XII Com
260 _c2007
_bNarendra Prakashan, Pune
300 _a262
365 _b53
520 _aCommerce
546 _aMARATHI
630 _aChitanisacha Vayvsya XII Com
650 _aCommerce
655 _aCommerce
730 _aChitanisacha Vayvsya XII Com
942 _cBOOK
999 _c796191
_d796188